| 000 | 00497nam a2200193Ia 4500 | ||
|---|---|---|---|
| 005 | 20140414093444.0 | ||
| 008 | 140130s9999 xx 000 0 und d | ||
| 020 | _a0439184665 | ||
| 050 |
_aCS 15.5 _b.Sw94 2000 |
||
| 100 |
_aSweeney, Joan _931379 |
||
| 245 |
_cSweeney, Joan _aMe and my family tree / |
||
| 260 |
_bScholastic, _c2000. _aNew York : |
||
| 300 |
_a1 v. (unpaged) : _bcol. ill. ; _c24 cm. |
||
| 440 | _v1 | ||
| 521 | _aBR | ||
| 526 | _c100 | ||
| 942 |
_cBK _2lcc |
||
| 999 |
_c42229 _d42229 |
||